Martínez Marina, historiador del derecho.
Salvato in:
| Ente Autore: | |
|---|---|
| Natura: | Libro |
| Pubblicazione: |
Madrid, España:
Real Academia de la Historia,
1991.
|
| Soggetti: | |
| Tags: |
Aggiungi Tag
Nessun Tag, puoi essere il primo ad aggiungerne!!
|
MARC
| LEADER | 00000nam a22000007a 4500 | ||
|---|---|---|---|
| 003 | CL-VaPUC | ||
| 005 | 20220822114822.0 | ||
| 008 | 220805t1991 ||||| |||| 00| 0 eng d | ||
| 999 | |c 438016 |d 438014 | ||
| 040 | |c Pontificia Universidad Católica de Valparaíso | ||
| 082 | 7 | |a 340.092 REA 1991 |2 22 | |
| 110 | |a Real Academia de la Historia |e autor |9 874894 | ||
| 245 | |a Martínez Marina, historiador del derecho. | ||
| 260 | |a Madrid, España: |b Real Academia de la Historia, |c 1991. | ||
| 300 | |a 101 páginas. | ||
| 500 | |a c.1 Donación Familia Prof. Alejandro Guzmán Brito. Discurso leído el día 28 de abril de 1991 en el acto de su recepción pública por el Excmo. Sr. D. Francisco Tomás y Valiente y contestación por el Excmo. Sr. D. Miguel Artola Gallego | ||
| 583 | |c 20220805 |k Catalogador Asistente | ||
| 600 | |a Martinez Marina, Francisco, |d 1754-1833 |9 259153 | ||
| 650 | |a Derecho |x Historia |y Siglo 18 |9 871041 | ||
| 942 | |2 ddc |c BK |n 0 | ||
| 952 | |0 0 |1 0 |2 ddc |4 0 |6 340_092000000000000_REA_1991 |7 0 |8 C_AGB |9 585887 |a BIBDER |b BIBDER |d 2022-08-05 |e Donación |i 5653838 |o 340.092 REA 1991 |p 5653838 |r 2023-01-25 |t 1 |w 2022-08-05 |y BK_US |k AGB | ||